|
|
|
|
| LEADER |
01152cam a2200253 a 4500 |
| 001 |
00390217 |
| 003 |
GR-PaULI |
| 008 |
980921s1985 gr b 001 0 gre d |
| 040 |
|
|
|a GrPaTEI
|b gre
|c GR-PaULI
|
| 082 |
|
0 |
|a 344.49502
|
| 100 |
1 |
|
|a Λεοντάρης, Μιλτιάδης Κ.
|
| 245 |
1 |
3 |
|a Το δίκαιο των ασφαλισμένων /
|c του Μιλτιάδη Κ. Λεοντάρη.
|
| 250 |
|
|
|a 2η έκδ.
|
| 260 |
|
|
|a Αθήνα :
|b Πάμισος,
|c 1985.
|
| 300 |
|
|
|a 403 σ. :
|b πίν. ;
|c 24 εκ.
|
| 490 |
1 |
|
|a Νομικές εκδόσεις Πάμισος ;
|v 3
|
| 504 |
|
|
|a Περιλαμβάνει βιβλιογραφία και ευρετήριο.
|
| 650 |
|
7 |
|a Κοινωνική ασφάλιση
|x Δίκαιο και νομοθεσία
|z Ελλάς
|2 nlgaf
|
| 710 |
|
|
|a Πάμισος
|
| 830 |
|
0 |
|a Νομικές εκδόσεις Πάμισος ;
|v 3
|
| 942 |
|
|
|2 ddc
|
| 952 |
|
|
|0 0
|1 0
|2 ddc
|4 0
|6 344_020000000000000_ΛΕΟ
|7 0
|9 250746
|a MSLG
|b MSLG
|c BSC
|d 2021-01-17
|e 24
|f 2
|g 0.00
|l 0
|o 344.02 ΛΕΟ
|p 99242000000798
|r 2021-01-17 00:00:00
|t 1
|w 2021-01-17
|y BK15
|x GrPaTEI
|
| 971 |
|
|
|a .b12608841
|b 24-09-20
|c 28-08-15
|
| 999 |
|
|
|c 148824
|d 148824
|